| 000 | 00478nam a22001697a 4500 | ||
|---|---|---|---|
| 999 |
_c5545 _d5543 |
||
| 005 | 20210909101436.0 | ||
| 008 | 170909b xxu||||| |||| 00| 0 eng d | ||
| 020 | _a978-81-204-1784-7 | ||
| 041 | _aeng | ||
| 082 | _a363.8 | ||
| 100 |
_aREDDY, D.V. _93905 |
||
| 245 |
_aAPPLIED NUTRITION : _bLivestock, poultry , Rabbits and Laboratory Animals _c D.V. REDDY |
||
| 250 | _a3rd | ||
| 260 |
_aNEW DELHI _bOXFORD & IBH PUBLISHING CO. PVT.LTD _c2015 |
||
| 300 | _a468p. | ||
| 942 | _cBK | ||